<?xml version="1.0" encoding="UTF-8"?><?xml-stylesheet type="text/xsl" href="static/style.xsl"?><OAI-PMH xmlns="http://www.openarchives.org/OAI/2.0/" xmlns:xsi="http://www.w3.org/2001/XMLSchema-instance" xsi:schemaLocation="http://www.openarchives.org/OAI/2.0/ http://www.openarchives.org/OAI/2.0/OAI-PMH.xsd"><responseDate>2026-06-30T03:03:19Z</responseDate><request verb="GetRecord" identifier="oai:repisalud.isciii.es:20.500.12105/5191" metadataPrefix="marc">https://repisalud.isciii.es/rest/oai/request</request><GetRecord><record><header><identifier>oai:repisalud.isciii.es:20.500.12105/5191</identifier><datestamp>2025-03-14T11:35:36Z</datestamp><setSpec>com_20.500.12105_2203</setSpec><setSpec>com_20.500.12105_2202</setSpec><setSpec>col_20.500.12105_19585</setSpec></header><metadata><record xmlns="http://www.loc.gov/MARC21/slim" xmlns:dcterms="http://purl.org/dc/terms/" xmlns:doc="http://www.lyncode.com/xoai" xmlns:xsi="http://www.w3.org/2001/XMLSchema-instance" xsi:schemaLocation="http://www.loc.gov/MARC21/slim http://www.loc.gov/standards/marcxml/schema/MARC21slim.xsd">
   <leader>00925njm 22002777a 4500</leader>
   <datafield ind2=" " ind1=" " tag="042">
      <subfield code="a">dc</subfield>
   </datafield>
   <datafield ind2=" " ind1=" " tag="720">
      <subfield code="a">Instituto de Salud Carlos III. Gabinete de prensa</subfield>
      <subfield code="e">author</subfield>
   </datafield>
   <datafield ind2=" " ind1=" " tag="260">
      <subfield code="c">2006-01-30</subfield>
   </datafield>
   <datafield ind2=" " ind1=" " tag="520">
      <subfield code="a">Nota de prensa que trata de un convenio firmado por el ISCIII con las autonomías para la estabilización de los investigadores y la intensificación de la actividad investigadora en el Sistema Nacional de Salud. El acuerdo, que supone una aportación del Carlos III de dos millones de euros el primer año, se enmarca en el Programa Nacional de Potenciación de los Recursos Humanos en I+D+I del Plan Nacional de Investigación Científica, Desarrollo e Innovación Tecnológica 2004-2007. El programa de estabilización de los investigadores supone ayudas económicas del Instituto de Salud Carlos III a las autonomías, equivalentes al 50% del coste de los contratos de los investigadores durante el primer año, del 40% en el segundo año, el 30% en el tercero, el 20% en el cuarto y el 10% en el quinto. El programa de intensificación de la investigación aspira a liberar de carga asistencial al personal sanitario que esté implicado en tareas de investigación. El Instituto Carlos III asumirá así el coste equivalente al 50% de la retribución de estos facultativos cada año.</subfield>
   </datafield>
   <datafield ind1="8" ind2=" " tag="024">
      <subfield code="a">http://hdl.handle.net/20.500.12105/5191</subfield>
   </datafield>
   <datafield tag="653" ind2=" " ind1=" ">
      <subfield code="a">Actividad investigadora</subfield>
   </datafield>
   <datafield ind2="0" ind1="0" tag="245">
      <subfield code="a">El Instituto de Salud Carlos III firma un convenio con las autonomías para la estabilización de los investigadores y la intensificación de la actividad investigadora en el Sistema Nacional de Salud</subfield>
   </datafield>
   <datafield ind2="0" ind1="0" tag="245">
      <subfield code="a">El Instituto de Salud Carlos III firma un convenio con las autonomías para la estabilización de los investigadores y la intensificación de la actividad investigadora en el Sistema Nacional de Salud</subfield>
   </datafield>
</record></metadata></record></GetRecord></OAI-PMH>